| 000 | 00736nam a22002057a 4500 | ||
|---|---|---|---|
| 999 |
_c12496 _d12496 |
||
| 003 | AR-CdUCM | ||
| 008 | 190409b ||||| |||| 00| 0 spa d | ||
| 040 |
_aMUNICIPALIDAD PROVINCIAL DEL CUSCO _cBIBLIOTECA MUNICIPAL DEL CUSCO |
||
| 082 |
_27ed. _a630 / _bD45 / 1910 |
||
| 100 |
_aPerez Gallardo, F. _930359 |
||
| 245 | _aManual de agricultura y ganadería / | ||
| 260 |
_aParís : _bLibreria de la Vda de CH. Bouret, _c19010. |
||
| 300 |
_a448 páginas ; _c16 cm. |
||
| 440 |
_aEnciclopedia Popular _930354 |
||
| 505 | _aQuímica y geológicas agrícolas -- Agricultura general -- Agricultura especial -- Ganaderia. | ||
| 650 |
_aAgricultura. _9320 |
||
| 650 |
_aGanadería. _9321 |
||
| 942 |
_2ddc _cLIBROS |
||
| 945 |
_awfj _d2019-04-09 |
||